| 000 -CABECERA |
| Longitud fija campo de control |
00623nam a2200193 a 4500 |
| 001 - NÚMERO DE CONTROL |
| Número de control |
5930 |
| 003 - IDENTIFICADOR DEL NÚMERO DE CONTROL |
| Identificador del número de control |
CDMR |
| 005 - FECHA Y HORA DE LA ÚLTIMA TRANSACCIÓN |
| Fecha y hora de la última transacción |
20130515095952.0 |
| 008 - CÓDIGOS DE INFORMACIÓN DE LONGITUD FIJA |
| Códigos de información de longitud fija |
130220s2003||||||||||||||||||||||||||||d |
| 040 ## - FUENTE DE LA CATALOGACIÓN |
| Centro catalogador de origen |
CDMR |
| Lengua de catalogación |
cat |
| Centro transcriptor |
CDMR |
| 100 1# - PUNTO DE ACCESO PRINCIPAL-NOMBRE DE PERSONA |
| Nombre de persona |
Fages de Climent, Carles |
| 9 (RLIN) |
2947 |
| 245 10 - MENCIÓN DE TÍTULO |
| Título |
Carles Fages de Climent |
| Resto del título |
: articles |
| Mención de responsabilidad, etc. |
Carles Fages de Climent ; [a cura de] Jaume Guillamet i i Anna Teixidor |
| 260 ## - PUBLICACIÓN, DISTRIBUCIÓN, ETC. (PIE DE IMPRENTA) |
| Lugar de publicación, distribución, etc. |
Figueres |
| Nombre del editor, distribuidor, etc. |
Brau |
| Fecha de publicación, distribución, etc. |
2003 |
| 300 ## - DESCRIPCIÓN FÍSICA |
| Extensión |
346 p ; |
| Dimensiones |
18 cm |
| 600 ## - PUNTO DE ACCESO ADICIONAL DE MATERIA - NOMBRE DE PERSONA |
| 9 (RLIN) |
2947 |
| Nombre de persona |
Fages de Climent, Carles |
| Subdivisión de forma (R ) |
Recull d'articles |
| 700 1# - PUNTO DE ACCESO ADICIONAL - NOMBRE DE PERSONA |
| 9 (RLIN) |
417 |
| Nombre de persona |
Guillamet, Jaume |
| 700 1# - PUNTO DE ACCESO ADICIONAL - NOMBRE DE PERSONA |
| 9 (RLIN) |
3304 |
| Nombre de persona |
Teixidor i Colomer, Anna |
| Código de función |
eds. |
| 942 ## - ENTRADA DE ELEMENTOS AGREGADOS (KOHA) |
| Koha [por defecto] tipo de item |
Monografies |
| Fuente de clasificaión o esquema |
|